| 000 | 00437nam a22001697a 4500 | ||
|---|---|---|---|
| 005 | 20251108172240.0 | ||
| 008 | 250721s1991 xx 000 0 ara d | ||
| 082 | 1 | 4 | _a781.409563/مزا |
| 245 | 1 | 0 |
_aمزايد الجنوب : _bالنايل / |
| 264 | _c1991. | ||
| 300 | _a118ص | ||
| 650 | 1 | 7 | _aالأغاني الشعبية |
| 650 | 1 | 7 | _aالعراق |
| 650 | 1 | 7 | _aالشعر النبطي |
| 942 |
_2ddc _cBK |
||
| 999 |
_c74196 _d74196 |
||